Szczegóły MARC21

Zwiększenie efektywności żeglugi na wodach śródlądowych w wyniku integracji regionalnego systemu sterowania ruchem statków /

003 -Nazwa inst., której nr kontr. jest w polu 001 [,]
    • @
    • Nazwa instytucji, której n kontrolny jest w polu 001
    • NUKAT
005 -DATA I CZAS OSTATNIEJ MODYFIKACJI [,]
    • @
    • pole kontrolne
    • 20241231100418.0
040 -Instytucja sporządzająca opis [ , ]
    • a
    • Instytucja, która sporządziła opis (NP)
    • SZCZ M/KB
    • c
    • Instytucja, która sporządziła rekord (NP)
    • SZCZ M/KB
    • d
    • Instytucja, która zmodyfikowała rekord (P)
    • TOR U/TMs
942 -Rodzaj dokumentu [ , ]
    • c
    • Rodzaj dokumentu
    • Książka
100 -Hasło główne - nazwa osobowa [1, ]
    • a
    • Nazwa osobowa (NP)
    • Jagniszczak, Igor
    • d
    • Daty biograficzne (NP)
    • (1941- ).
    • 9
    • KHW
    • 665086
245 -Strefa tytułu i oznaczenia odpowiedzialności [1,0]
    • a
    • Tytuł
    • Zwiększenie efektywności żeglugi na wodach śródlądowych w wyniku integracji regionalnego systemu sterowania ruchem statków / Find
    • c
    • Pozostałe elementy strefy tytułu i oznaczenia odpowiedzialności (NP)
    • Igor Jagniszczak ; Akademia Morska w Szczecinie.
260 -Strefa adresu wydawniczego [ , ]
    • a
    • Miejsce wydania (P)
    • Szczecin :
    • b
    • Nazwa wydawcy (P)
    • Akademia Morska,
    • c
    • Data wydania (P)
    • 2007.
300 -Strefa opisu fizycznego [ , ]
    • a
    • Określenie formy książki i/lub objętość (NP)
    • 176 s. :
    • b
    • Oznaczenie ilustracji (NP)
    • il. ;
    • c
    • Format (NP)
    • 24 cm.
336 -Typ zawartości [ , ]
    • a
    • Termin opisujący typ zawartości
    • Tekst
    • b
    • Kod określający zawartość
    • txt
    • 2
    • Źródło (terminu i kodu)
    • rdacontent
337 -Typ mediów [ , ]
    • a
    • Tryb odtwarzania
    • Bez urządzenia pośredniczącego
    • b
    • Kod typu mediów
    • n
    • 2
    • Źródło (terminu i kodu)
    • rdamedia
338 -Typ/rodzaj nośnika [ , ]
    • a
    • Hasło opisujące typ nośnika
    • Wolumin
    • b
    • Kod typu nośnika
    • nc
    • 2
    • Źródło (terminu i kodu)
    • rdacarrier
490 -Strefa serii i książki wielotomowej - forma nie do wyszukiwania [1, ]
    • a
    • Tytuł (P)
    • Studia / Akademia Morska w Szczecinie ; Find
    • v
    • Numeracja (P)
    • nr 47
830 -Hasło dodatkowe serii i opisu książki wielotomowej - tytuł ujednolicony/tytuł [ ,0]
    • a
    • Tytuł ujednolicony/tytuł (NP)
    • Studia - Akademia Morska w Szczecinie
    • x
    • ISSN
    • 1689-5878
    • v
    • Oznaczenie tomu (NP)
    • nr 47
    • 9
    • KHW
    • 582026
500 -Uwaga ogólna [ , ]
    • a
    • Uwaga ogólna (NP)
    • Na książce ISSN: 0860-8806 związany z wcześniejszym tytułem serii.
504 -Uwaga dot. bibliogr. załącznikowej [ , ]
    • a
    • Uwaga dot. bibliografii załącznikowej
    • Bibliogr. s. 167-174.
080 -Uniwersalna Klasyfikacja Dziesiętna [ , ]
    • 2
    • Identyfikator wydania tablic
    • UDC-P058; UDC-P005
    • a
    • Symbol klasyfikacji
    • 656.62
    • b
    • Dopowiedzenie
    • Żegluga śródlądowa. Obsługa mostów, śluz. Żegluga na rzekach i kanałach.
    • x
    • Poddział wspólny
    • (282.243.5)
    • b
    • Dopowiedzenie
    • (Odra).
080 -Uniwersalna Klasyfikacja Dziesiętna [ , ]
    • 2
    • Identyfikator wydania tablic
    • UDC-P058; UDC-P005
    • a
    • Symbol klasyfikacji
    • 627
    • b
    • Dopowiedzenie
    • Drogi wodne. Budownictwo rzeczne, morskie i przybrzeżne. Urządzenia żeglugowe.
    • x
    • Poddział wspólny
    • (282.243.5)
    • b
    • Dopowiedzenie
    • (Odra).
650 -Hasło przedmiotowe [ ,7]
    • a
    • Hasło przedmiotowe
    • Żegluga śródlądowa
    • z
    • Określnik geograficzny
    • Polska
    • z
    • Określnik geograficzny
    • Odra (rzeka)
    • y
    • Określnik chronologiczny
    • 1990-.
    • 2
    • Źródło terminu
    • kaba
    • 9
    • KHW
    • 385188
650 -Hasło przedmiotowe [ ,7]
    • a
    • Hasło przedmiotowe
    • Żegluga śródlądowa
    • z
    • Określnik geograficzny
    • Europa
    • x
    • Określnik rzeczowy
    • zarządzanie.
    • 2
    • Źródło terminu
    • kaba
    • 9
    • KHW
    • 729193
980 -Symbol UKD [ , ]
    • a
    • UKD
    • 656.62:627](282.243.5)
Numer inwentarzowy Status udost. Lokalizacja Data inwentaryzacji
T.9619-2T2007-09-05